| 000 | 00511nam a2200169Ia 4500 | ||
|---|---|---|---|
| 999 |
_c10775 _d10775 |
||
| 003 | OSt | ||
| 005 | 20191227112637.0 | ||
| 008 | 190216s9999||||xx |||||||||||||| ||und|| | ||
| 040 | _coclc | ||
| 082 |
_a338.1 _bSAD/F |
||
| 100 |
_aSadhu, A N _9808 |
||
| 245 | 0 |
_aFundamentals Of Agricultural Economics / _cA N Sadhu ; Amarjit Singh |
|
| 260 |
_bHimalaya Publishing House, _c2002. _c2004. _aDelhi: |
||
| 300 | _a556p | ||
| 650 | _aEconomics | ||
| 942 |
_cBK _2ddc _h338.1 _iSAD/F _k338.1 _mSAD/F |
||